Biathlon Weltmeister - 2020er - Statistiken

Allgemein
  • Dieses Quiz wurde 896 mal gespielt
    297 seit der letzten Aktualisierung
  • Das Durchschnittsergebnis liegt bei 74 aus 110
Antwortstatistiken
Disziplin Jahr Antwort % Korrekt
Sprint Herren 2023 Johannes Thingnes Boe
99%
Sprint Herren 2025 Johannes Thingnes Boe
99%
Verfolgung Herren 2023 Johannes Thingnes Boe
99%
Verfolgung Herren 2024 Johannes Thingnes Boe
99%
Verfolgung Herren 2025 Johannes Thingnes Boe
99%
Massenstart Herren 2020 Johannes Thingnes Boe
99%
Massenstart Herren 2024 Johannes Thingnes Boe
99%
Einzel Herren 2023 Johannes Thingnes Boe
99%
Einzel Herren 2024 Johannes Thingnes Boe
99%
Staffel Herren 2021 Johannes Thingnes Boe
99%
Staffel Herren 2025 Johannes Thingnes Boe
99%
Mixed Staffel 2020 Johannes Thingnes Boe
99%
Mixed Staffel 2021 Johannes Thingnes Boe
99%
Mixed Staffel 2023 Johannes Thingnes Boe
99%
Single Mixed Staffel 2020 Johannes Thingnes Boe
99%
Single Mixed Staffel 2023 Johannes Thingnes Boe
99%
Staffel Herren 2021 Tarjei Boe
99%
Staffel Herren 2025 Tarjei Boe
99%
Mixed Staffel 2020 Tarjei Boe
99%
Verfolgung Damen 2025 Franziska Preuss
86%
Sprint Damen 2024 Julia Simon
79%
Verfolgung Damen 2023 Julia Simon
79%
Verfolgung Damen 2024 Julia Simon
79%
Einzel Damen 2025 Julia Simon
79%
Staffel Damen 2024 Julia Simon
79%
Staffel Damen 2025 Julia Simon
79%
Mixed Staffel 2024 Julia Simon
79%
Mixed Staffel 2025 Julia Simon
79%
Single Mixed Staffel 2021 Julia Simon
79%
Single Mixed Staffel 2025 Julia Simon
79%
Sprint Herren 2024 Sturla Holm Laegreid
77%
Massenstart Herren 2021 Sturla Holm Laegreid
77%
Einzel Herren 2021 Sturla Holm Laegreid
77%
Staffel Herren 2021 Sturla Holm Laegreid
77%
Staffel Herren 2025 Sturla Holm Laegreid
77%
Mixed Staffel 2021 Sturla Holm Laegreid
77%
Mixed Staffel 2023 Sturla Holm Laegreid
77%
Sprint Damen 2025 Justine Braisaz-Bouchet
70%
Massenstart Damen 2024 Justine Braisaz-Bouchet
70%
Staffel Damen 2024 Justine Braisaz-Bouchet
70%
Staffel Damen 2025 Justine Braisaz-Bouchet
70%
Mixed Staffel 2024 Justine Braisaz-Bouchet
70%
Massenstart Damen 2025 Elvira Öberg
68%
Massenstart Damen 2023 Hanna Öberg
68%
Einzel Damen 2023 Hanna Öberg
68%
Staffel Herren 2020 Quentin Fillon Maillet
68%
Staffel Herren 2023 Quentin Fillon Maillet
68%
Mixed Staffel 2024 Quentin Fillon Maillet
68%
Single Mixed Staffel 2024 Quentin Fillon Maillet
68%
Single Mixed Staffel 2025 Quentin Fillon Maillet
68%
Verfolgung Damen 2020 Dorothea Wierer
65%
Einzel Damen 2020 Dorothea Wierer
65%
Staffel Damen 2023 Dorothea Wierer
65%
Staffel Damen 2024 Lou Jeanmonnot
65%
Staffel Damen 2025 Lou Jeanmonnot
65%
Mixed Staffel 2025 Lou Jeanmonnot
65%
Single Mixed Staffel 2024 Lou Jeanmonnot
65%
Sprint Damen 2021 Tiril Eckhoff
65%
Verfolgung Damen 2021 Tiril Eckhoff
65%
Staffel Damen 2020 Tiril Eckhoff
65%
Staffel Damen 2021 Tiril Eckhoff
65%
Mixed Staffel 2020 Tiril Eckhoff
65%
Mixed Staffel 2021 Tiril Eckhoff
65%
Sprint Damen 2023 Denise Herrmann-Wick
64%
Verfolgung Herren 2020 Emilien Jacquelin
64%
Verfolgung Herren 2021 Emilien Jacquelin
64%
Staffel Herren 2020 Emilien Jacquelin
64%
Staffel Herren 2023 Emilien Jacquelin
64%
Mixed Staffel 2025 Emilien Jacquelin
64%
Sprint Damen 2020 Marte Olsbu Roiseland
64%
Massenstart Damen 2020 Marte Olsbu Roiseland
64%
Staffel Damen 2020 Marte Olsbu Roiseland
64%
Staffel Damen 2021 Marte Olsbu Roiseland
64%
Mixed Staffel 2020 Marte Olsbu Roiseland
64%
Mixed Staffel 2021 Marte Olsbu Roiseland
64%
Mixed Staffel 2023 Marte Olsbu Roiseland
64%
Single Mixed Staffel 2020 Marte Olsbu Roiseland
64%
Single Mixed Staffel 2023 Marte Olsbu Roiseland
64%
Einzel Damen 2024 Lisa Vittozzi
63%
Staffel Damen 2023 Lisa Vittozzi
63%
Einzel Herren 2020 Martin Fourcade
63%
Staffel Herren 2020 Martin Fourcade
63%
Einzel Herren 2025 Éric Perrot
62%
Mixed Staffel 2024 Éric Perrot
62%
Mixed Staffel 2025 Éric Perrot
62%
Staffel Damen 2020 Ingrid Landmark Tandrevold
62%
Staffel Damen 2021 Ingrid Landmark Tandrevold
62%
Mixed Staffel 2023 Ingrid Landmark Tandrevold
62%
Massenstart Herren 2023 Sebastian Samuelsson
61%
Staffel Herren 2024 Sebastian Samuelsson
61%
Sprint Herren 2021 Martin Ponsiluoma
55%
Staffel Herren 2024 Martin Ponsiluoma
55%
Staffel Herren 2021 Vetle Sjastad Christiansen
55%
Staffel Damen 2025 Océane Michelon
44%
Staffel Herren 2023 Fabien Claude
43%
Massenstart Herren 2025 Endre Strømsheim
37%
Staffel Herren 2025 Endre Strømsheim
37%
Massenstart Damen 2021 Lisa Theresa Hauser
35%
Staffel Herren 2024 Jesper Nelin
34%
Einzel Damen 2021 Marketa Davidova
30%
Staffel Herren 2020 Simon Desthieux
29%
Staffel Herren 2023 Antonin Guigonnat
28%
Single Mixed Staffel 2021 Antonin Guigonnat
28%
Staffel Damen 2023 Hannah Auchentaller
26%
Staffel Damen 2021 Ida Lien
25%
Staffel Herren 2024 Viktor Brandt
25%
Staffel Damen 2023 Samuela Comola
22%
Sprint Herren 2020 Alexander Loginow
19%
Staffel Damen 2024 Sophie Chauveau
15%
Staffel Damen 2020 Synnove Solemdal
15%
Keine übereinstimmenden Quizze gefunden
Verteilung der Resultate
Anzahl Personen mit jedem Resultat
Perzentil nach korrekt beantworteten Fragen
Ihre Resultats-Entwicklung
Sie haben dieses Quiz seit der letzten Aktualisierung nicht gespielt